MARC

LEADER 00000nlm0a2200000 4500
001 314918
005 20231102002727.0
035 |a (RuTPU)RU\TPU\book\340351 
035 |a RU\TPU\book\340297 
090 |a 314918 
100 |a 20160220d2015 k y0engy50 ba 
101 0 |a eng 
102 |a NL 
105 |a a z 001zy 
135 |a drgn ---uucaa 
200 1 |a Entropic Invariants of Two-Phase Flows  |b Electronic resource  |f Eugene Barsky 
203 |a Text  |c electronic 
210 |a Amsterdam  |c Elsevier  |d 2015 
230 |a 1 компьютерный файл (pdf; 8.8 Mb) 
300 |a Заглавие с титульного экрана 
333 |a Режим доступа: из корпоративной сети ТПУ 
337 |a Adobe Reader 
606 1 |a Физико-химические системы, двухфазные  |x Динамика  |2 stltpush  |3 (RuTPU)RU\TPU\subj\63758  |9 80713 
610 1 |a электронный ресурс 
610 1 |a инварианты 
610 1 |a двухфазные потоки 
610 1 |a порошковые материалы 
610 1 |a массообмен 
610 1 |a твердые частицы 
610 1 |a гидродинамика 
675 |a 532.529.5  |v 3 
701 0 |a Eugene Barsky 
801 1 |a RU  |b 63413507  |c 20131216 
801 2 |a RU  |b 63413507  |c 20160615  |g RCR 
856 4 |u http://www.lib.tpu.ru/fulltext2/m/2016/science_book/Entropic%20Invariants.pdf 
942 |c CF